[Event "IBCA-ol blind 13th"]
[Site "Heraklion"]
[Date "2008.10.23"]
[Round "5.4"]
[White "Kempis, Jose Alberto"]
[Black "Molnar, Lubomir"]
[Result "0-1"]
[WhiteElo "1940"]
[BlackElo "1400"]
[PlyCount "58"]
[EventDate "2008.10.19"]
[EventType "team-swiss"]
[EventRounds "9"]
[EventCountry "GRE"]
[SourceTitle "EXT 2010"]
[Source "ChessBase"]
[SourceDate "2010.11.25"]
[SourceVersion "1"]
[SourceVersionDate "2010.11.25"]
[SourceQuality "1"]
[WhiteTeam "Venezuela (blind)"]
[BlackTeam "Slovakia (blind)"]
[WhiteTeamCountry "VEN"]
[BlackTeamCountry "SVK"]

1. e4 c5 2. Nf3 d6 3. d4 cxd4 4. Nxd4 Nf6 5. Nc3 a6 6. f3 e6 7. Be3 b5 8. Qd2 Nbd7 9. g4 h6 10. 0-0-0 b4 11. Na4 d5 12. exd5 Nxd5 13. Bd3 Nxe3 14. Nxe6 fxe6 15. Bg6+ Ke7 16. Qxe3 Qa5 17. Rhe1 Qg5 18. f4 Qxg6 19. Kb1 Qxg4 20. Nc5 Nf6 21. Qe5 Kf7 22. Qc7+ Be7 23. Nd3 Nd7 24. f5 exf5 25. Ne5+ Nxe5 26. Qxe5 Ra7 27. Rg1 Bf6 28. Qc5 Bd4 29. Qd5+ Be6 0-1